| Tag |
First Indicator |
Second Indicator |
Subfields |
| LEADER |
00000cam a2200000 4500 |
| 001 |
in00000023300 |
| 005 |
20151007064352.0 |
| 008 |
720621s1927 enk 00010 eng u |
| 010 |
|
|
|a 27027958
|
| 035 |
|
|
|a (OCoLC)00337605
|
| 035 |
|
|
|a AAD9680AM
|
| 040 |
|
|
|c OUN
|d TXA
|d UtOrBLW
|
| 049 |
|
|
|a TXAM
|c [241739]
|
| 050 |
|
0 |
|a PQ4710
|b .B5
|
| 092 |
|
|
|a 851
|b L587Yb
|
| 100 |
1 |
|
|a Bickersteth, Geoffrey Langdale,
|d 1884-
|
| 245 |
1 |
0 |
|a Leopardi and Wordsworth /
|c by Geoffrey L. Bickersteth ...
|
| 264 |
|
1 |
|a London :
|b For the British academy, Oxford university press, H. Milford,
|c [1927]
|
| 300 |
|
|
|a 34 pages, 1 . ;
|c 26 cm.
|
| 336 |
|
|
|a text
|b txt
|2 rdacontent
|
| 337 |
|
|
|a unmediated
|b n
|2 rdamedia
|
| 338 |
|
|
|a volume
|b nc
|2 rdacarrier
|
| 490 |
0 |
|
|a Annual Italian lecture of the British academy, 1927
|
| 500 |
|
|
|a "Read 26 January 1927."
|
| 600 |
1 |
0 |
|a Leopardi, Giacomo,
|d 1798-1837.
|
| 600 |
1 |
0 |
|a Wordsworth, William,
|d 1770-1850.
|
| 650 |
|
0 |
|a Comparative literature
|x Italian and English.
|
| 650 |
|
0 |
|a Comparative literature
|x English and Italian.
|
| 999 |
|
|
|a MARS
|
| 999 |
f |
f |
|s d991536f-11e4-3094-b1c4-b8c5306d59c7
|i f2426ee4-1a8f-3698-9b64-48fad0efc4a2
|t 0
|
| 952 |
f |
f |
|p ric
|a Texas A&M University
|b Rellis Campus
|c Joint Library Facility
|d Remote Storage
|t 0
|e PQ4710 .B5
|h Library of Congress classification
|i unmediated -- volume
|m A14801376029
|
| 998 |
f |
f |
|a PQ4710 .B5
|t 0
|l Remote Storage
|